| 000 | 01242cam a22003134i 4500 | ||
|---|---|---|---|
| 001 | 12295082 | ||
| 003 | EG-ScBUE | ||
| 005 | 20230528095623.0 | ||
| 008 | 010131s2001 enka f b 001 0 eng d | ||
| 020 | _a0415235464 (hbk) | ||
| 020 | _a0415235456 (pbk) | ||
| 040 |
_aDLC _beng _erda _cDLC _dDLC _dEG-ScBUE |
||
| 082 | 0 | 4 |
_a724.6 _222 _bARC |
| 245 | 0 | 0 |
_aArchitecture : _bthe subject is matter / _cedited by Jonathan Hill. |
| 264 | 1 |
_aLondon ; _aNew York : _bRoutledge, _c2001. |
|
| 300 |
_axii, 254 pages : _billustrations ; _c25 cm |
||
| 336 |
_2rdacontent _atext _btxt |
||
| 337 |
_2rdamedia _aunmediated _bn |
||
| 338 |
_2rdacarrier _avolume _bnc |
||
| 504 | _aIncludes bibliographical references and index. | ||
| 650 | 7 |
_aSpace (Architecture) _2BUEsh _96955 |
|
| 650 | 7 |
_aArchitecture and society. _2BUEsh _96956 |
|
| 650 | 7 |
_96954 _aCommunication in architectural design. _2BUEsh |
|
| 655 | _vReading book | ||
| 700 | 1 |
_aHill, Jonathan, _d1958- _eeditor. _96957 |
|
| 856 | 4 | 2 |
_3Publisher description _uhttp://www.loc.gov/catdir/enhancements/fy0650/2001019113-d.html |
| 942 |
_2ddc _cBB |
||
| 999 |
_c12037 _d12037 |
||